000 00256nam a2200097Ia 4500
082 _aJ 599.742 CIOV
245 0 _aMeerkats
100 _a Ciovacco, Justine Pleasantville, NY, 2009
_995445
942 _cBK
008 210817s9999 xx 000 0 und d
999 _c396050
_d396049